| 000 | 00765nam a2200229Ia 4500 | ||
|---|---|---|---|
| 005 | 20241129110151.0 | ||
| 008 | 241129s9999||||xx |||||||||||||| ||und|| | ||
| 020 | _a978-1-032-76871-7 | ||
| 037 | _aTB | ||
| 040 |
_aARTS _beng _cARTS |
||
| 041 |
_aeng _2eng |
||
| 084 |
_aW6:511.2 R4 _qARTS |
||
| 100 |
_aKrishnaswamy R. Ed.; Majumder Atreyee Ed. _9727445 |
||
| 245 | 0 |
_aLiberalism and its encounters in India: some interdisciplinary approaches _cKrishnaswamy R. Ed.; Majumder Atreyee Ed. |
|
| 260 |
_aUK _bRoutledge _c2023 |
||
| 300 | _aviii,149p. | ||
| 365 |
_aINR _b1295 |
||
| 490 | _aEthics, human rights, and global political thought | ||
| 650 |
_aPolitical ScienceDemocracy _9726228 |
||
| 942 |
_cTB _hW6:511.2 R4 |
||
| 999 |
_c1227573 _d1227573 |
||